<?xml version="1.0" encoding="UTF-8"?>
<record
    xmlns:xsi="http://www.w3.org/2001/XMLSchema-instance"
    xsi:schemaLocation="http://www.loc.gov/MARC21/slim http://www.loc.gov/standards/marcxml/schema/MARC21slim.xsd"
    xmlns="http://www.loc.gov/MARC21/slim">

  <leader>00476nam a22001577a 4500</leader>
  <datafield tag="999" ind1=" " ind2=" ">
    <subfield code="c">114327</subfield>
    <subfield code="d">114327</subfield>
  </datafield>
  <controlfield tag="005">20191022121332.0</controlfield>
  <controlfield tag="008">191022b           ||||| |||| 00| 0 eng d</controlfield>
  <datafield tag="040" ind1=" " ind2=" ">
    <subfield code="c">PK-LaUMT</subfield>
  </datafield>
  <datafield tag="082" ind1=" " ind2=" ">
    <subfield code="a">320.95491</subfield>
    <subfield code="b">ZIA-P</subfield>
  </datafield>
  <datafield tag="100" ind1=" " ind2=" ">
    <subfield code="a">Zia Shahid = &#x636;&#x6CC;&#x627; &#x634;&#x627;&#x6C1;&#x62F;</subfield>
  </datafield>
  <datafield tag="245" ind1=" " ind2=" ">
    <subfield code="a">Pakistan ke khilaf sazish =  &#x67E;&#x627;&#x6A9;&#x633;&#x62A;&#x627;&#x646; &#x6A9;&#x6D2; &#x62E;&#x644;&#x627;&#x641; &#x633;&#x627;&#x632;&#x634; /</subfield>
    <subfield code="c">by Zia Shahid = &#x636;&#x6CC;&#x627; &#x634;&#x627;&#x6C1;&#x62F;</subfield>
  </datafield>
  <datafield tag="260" ind1=" " ind2=" ">
    <subfield code="a">Lahore :</subfield>
    <subfield code="b">Khabrain Publishers,</subfield>
    <subfield code="c">2017</subfield>
  </datafield>
  <datafield tag="300" ind1=" " ind2=" ">
    <subfield code="a">238 p.</subfield>
  </datafield>
  <datafield tag="546" ind1=" " ind2=" ">
    <subfield code="a">Urdu</subfield>
  </datafield>
  <datafield tag="942" ind1=" " ind2=" ">
    <subfield code="c">BK</subfield>
  </datafield>
  <datafield tag="952" ind1=" " ind2=" ">
    <subfield code="0">0</subfield>
    <subfield code="1">0</subfield>
    <subfield code="4">0</subfield>
    <subfield code="7">0</subfield>
    <subfield code="a">01</subfield>
    <subfield code="b">01</subfield>
    <subfield code="d">2019-10-22</subfield>
    <subfield code="l">0</subfield>
    <subfield code="o">320.95491 ZIA-P</subfield>
    <subfield code="p">131250</subfield>
    <subfield code="r">2019-10-22 00:00:00</subfield>
    <subfield code="w">2019-10-22</subfield>
    <subfield code="y">BK</subfield>
  </datafield>
</record>
